[Event "8th Sunway Sitges 2021"]
[Site "Sitges ESP"]
[Date "2021.12.17"]
[Round "5.68"]
[White "Aniruddh, Chatterjee"]
[Black "Galiana Fernandez, Adrian"]
[Result "0-1"]
[BlackTitle "FM"]
[WhiteElo "2112"]
[BlackElo "2333"]
[WhiteFideId "35076060"]
[BlackFideId "32010150"]
[EventDate "2021.12.13"]

1. d4 Nf6 2. c4 g6 3. Nc3 Bg7 4. e4 d6 5. f4 O-O 6. Nf3 c5 7. d5 e6 8. dxe6 fxe6
9. Bd3 Nc6 10. O-O Qe7 11. Be3 e5 12. h3 exf4 13. Bxf4 Be6 14. Qd2 Nh5 15. Bg5
Qd7 16. Be2 Ng3 17. Rfd1 Bxh3 18. Kh2 Bxg2 19. Kxg2 Nxe2 20. Nh2 Ned4 21. Nd5
Ne5 22. Rf1 Ndf3 23. Qe3 Nxh2 24. Bf6 Nhg4 25. Qh3 Nxf6 0-1

[Event "8th Sunway Sitges 2021"]
[Site "Sitges ESP"]
[Date "2021.12.17"]
[Round "5.69"]
[White "Vitenberg, Noam Aviv"]
[Black "Alvarez Albiol, Victor"]
[Result "1-0"]
[WhiteTitle "FM"]
[WhiteElo "2327"]
[BlackElo "2130"]
[WhiteFideId "1532138"]
[BlackFideId "32065930"]
[EventDate "2021.12.13"]

1. Nf3 Nf6 2. c4 g6 3. Nc3 Bg7 4. e4 d6 5. d4 O-O 6. Be2 c5 7. O-O Bg4 8. d5 b5
9. cxb5 a6 10. a4 axb5 11. Bxb5 Ne8 12. h3 Bxf3 13. Qxf3 Nc7 14. Bg5 Nd7 15. Be2
h6 16. Bd2 Ne5 17. Qg3 g5 18. h4 gxh4 19. Qxh4 Ng6 20. Qh5 Kh7 21. f4 Bd4+ 22.
Kh2 e6 23. f5 Qh4+ 24. Qxh4 Nxh4 25. g3 1-0

[Event "8th Sunway Sitges 2021"]
[Site "Sitges ESP"]
[Date "2021.12.17"]
[Round "5.70"]
[White "Lorans, Sylvain"]
[Black "Macias Pino, Diego"]
[Result "0-1"]
[BlackTitle "FM"]
[WhiteElo "2110"]
[BlackElo "2324"]
[WhiteFideId "605794"]
[BlackFideId "24529133"]
[EventDate "2021.12.13"]

1. d4 d5 2. c4 dxc4 3. e4 b5 4. a4 c6 5. axb5 cxb5 6. Nc3 a6 7. Nxb5 axb5 8.
Rxa8 Bb7 9. Ra1 e6 10. Ne2 Bxe4 11. Nc3 Bb4 12. Be2 Ne7 13. O-O Bc6 14. Bf3 Bxc3
15. Bxc6+ Nbxc6 16. bxc3 Nd5 17. Qg4 O-O 18. Ra6 Qd7 19. Bh6 f5 20. Qxg7+ Qxg7
21. Bxg7 Rc8 22. Be5 Nxc3 23. f4 b4 24. Rb6 b3 25. Kf2 Na4 26. Rb7 Nxe5 27. fxe5
b2 28. g4 f4 29. Ke2 c3 30. Rxf4 Nb6 0-1

[Event "8th Sunway Sitges 2021"]
[Site "Sitges ESP"]
[Date "2021.12.17"]
[Round "5.71"]
[White "Mullick, Raahil"]
[Black "Heredia Serrano, Carla"]
[Result "1/2-1/2"]
[WhiteTitle "IM"]
[BlackTitle "WGM"]
[WhiteElo "2323"]
[BlackElo "2121"]
[WhiteFideId "35080350"]
[BlackFideId "3603687"]
[EventDate "2021.12.13"]

1. e4 c6 2. d4 d5 3. e5 c5 4. Nf3 cxd4 5. Nxd4 Nc6 6. Nxc6 bxc6 7. Bd3 e6 8. O-O
Ne7 9. Be3 Ng6 10. f4 Be7 11. c3 c5 12. Nd2 Rb8 13. Rb1 O-O 14. Nf3 Qa5 15. a3
Rd8 16. h4 d4 17. cxd4 cxd4 18. Bd2 Qd5 19. h5 Nh4 20. Nxh4 Bxh4 21. Bb4 a5 22.
Qg4 axb4 23. Qxh4 h6 24. Rf3 Kh8 25. Rg3 Rg8 26. a4 Bb7 27. Qe7 Rgf8 28. Rc1
Rbe8 29. Qxb4 Rb8 30. Qe7 Rbe8 31. Qb4 Rb8 32. Rc5 Qd8 33. Rb5 Bc6 34. Rxb8 Qxb8
35. Qxd4 Rd8 36. Qc4 Qa7+ 37. Kh2 Qxa4 38. b4 Rc8 39. Qc5 Qd1 40. Rh3 Qd2 41.
Rg3 Qxf4 42. Ba6 Qh4+ 43. Rh3 Qf4+ 44. Rg3 Qh4+ 45. Rh3 Qf4+ 46. Rg3 1/2-1/2

[Event "8th Sunway Sitges 2021"]
[Site "Sitges ESP"]
[Date "2021.12.17"]
[Round "5.72"]
[White "Wong, Jianwen"]
[Black "Nawin, J J"]
[Result "0-1"]
[WhiteTitle "FM"]
[WhiteElo "2313"]
[BlackElo "2109"]
[WhiteFideId "5704715"]
[BlackFideId "45031231"]
[EventDate "2021.12.13"]

1. c4 e5 2. g3 Nf6 3. Bg2 d5 4. cxd5 Nxd5 5. Nf3 Nc6 6. O-O Be7 7. d4 e4 8. Ne5
f5 9. Nxc6 bxc6 10. Qc2 Qd6 11. Nc3 Be6 12. Na4 Nb4 13. Qd1 Rd8 14. Nc5 Qxc5 15.
dxc5 Rxd1 16. Rxd1 Nc2 17. Bf4 Nxa1 18. Rxa1 Kd7 19. Be5 Rg8 20. b4 g6 21. f3
Rb8 22. a3 a5 23. Rd1+ Kc8 24. Bc3 Bd5 25. fxe4 fxe4 26. h4 Kb7 27. Kf2 Ka6 28.
Ke3 Bf8 29. g4 Kb5 30. bxa5 Bxc5+ 31. Bd4 Bxd4+ 32. Rxd4 Kxa5 33. Bxe4 Rb3+ 34.
Rd3 Rb5 35. Rc3 Kb6 36. Bd3 Ra5 37. Kf4 Rc5 38. Rxc5 Kxc5 39. Ke5 Bc4 40. g5 Bb5
41. Ke4 Ba4 42. e3 Bb5 43. Bc2 Kc4 44. Bd3+ Kb3 45. a4 Kxa4 46. Bb1 c5 47. Kd5
c4 48. Kc5 c3 49. Bc2+ Ka5 50. Kd4 Kb4 51. e4 c5+ 52. Kd5 Ba4 53. Bd3 c2 54.
Bxc2 Bxc2 55. e5 c4 0-1

[Event "8th Sunway Sitges 2021"]
[Site "Sitges ESP"]
[Date "2021.12.17"]
[Round "5.73"]
[White "Ortega Serra, Marc"]
[Black "Bommini, Mounika Akshaya"]
[Result "1-0"]
[BlackTitle "WFM"]
[WhiteElo "2292"]
[BlackElo "2107"]
[WhiteFideId "2293137"]
[BlackFideId "25019872"]
[EventDate "2021.12.13"]

1. d4 Nf6 2. c4 c5 3. d5 g6 4. Nc3 d6 5. e4 Bg7 6. f4 O-O 7. Nf3 e6 8. dxe6 fxe6
9. Bd3 Nc6 10. O-O Nd4 11. Nxd4 cxd4 12. Nb5 e5 13. fxe5 Ng4 14. Rxf8+ Bxf8 15.
Be2 Qh4 16. h3 Nxe5 17. Qxd4 Qe1+ 18. Bf1 Bxh3 19. Qe3 Qxe3+ 20. Bxe3 Bd7 21.
Nc7 Rc8 22. Nd5 Be6 23. b3 a6 24. Be2 Nd7 25. Rd1 Bxd5 26. exd5 Re8 27. Kf2 Nf6
28. Bf3 Ne4+ 29. Bxe4 Rxe4 30. Kf3 Re8 31. b4 Rc8 32. c5 Kf7 33. Rc1 Ke7 34. c6
bxc6 35. dxc6 Bg7 36. a4 d5 37. Bc5+ Kd8 38. b5 Be5 39. Re1 Bb8 40. Rd1 axb5 41.
axb5 Kc7 42. Rxd5 Re8 43. Rd7+ Kc8 44. b6 Be5 45. Ra7 Bb8 46. Ra8 1-0

[Event "8th Sunway Sitges 2021"]
[Site "Sitges ESP"]
[Date "2021.12.17"]
[Round "5.74"]
[White "Namitbir, Singh Walia"]
[Black "Ollenberger, Roland"]
[Result "1-0"]
[BlackTitle "FM"]
[WhiteElo "2093"]
[BlackElo "2255"]
[WhiteFideId "35071068"]
[BlackFideId "24608440"]
[EventDate "2021.12.13"]

1. e4 c5 2. Nf3 Nc6 3. d4 cxd4 4. Nxd4 Nf6 5. Nc3 d6 6. Bg5 e6 7. Qd2 Be7 8.
O-O-O a6 9. f4 Bd7 10. Be2 Qc7 11. Bf3 Rd8 12. Rhe1 h6 13. Bxf6 Bxf6 14. Nde2
Bc8 15. Kb1 b5 16. Ng3 Na5 17. Nh5 Bxc3 18. Qxc3 Qxc3 19. bxc3 g6 20. Ng3 Nc4
21. Nf1 Bb7 22. Ne3 Nb6 23. Rd3 Ke7 24. Red1 Rd7 25. c4 bxc4 26. Rd4 Rc8 27. c3
Rc5 28. Kc2 Bc6 29. Rb1 Ba4+ 30. Kc1 Bb5 31. Rb4 Rdc7 32. g3 a5 33. Rb1 Nc8 34.
Bd1 Na7 35. a4 Ba6 36. Rb6 R7c6 37. Rb8 Nc8 38. Rb2 Rb6 39. Be2 Rxb2 40. Kxb2
Nb6 41. Ka3 h5 42. Rd2 Kd7 43. Rd4 Kc7 44. Bf1 d5 45. e5 Bc8 46. Be2 Rc6 47. Bd1
Nd7 48. Nf1 Rb6 49. Nd2 Nc5 50. Bc2 Bd7 51. h3 Rb8 52. Nf3 Kd8 53. Rd1 Ke7 54.
Nd4 Rb6 55. g4 hxg4 56. hxg4 Kf8 57. g5 Kg7 58. Rh1 Rb7 59. Rh2 Be8 60. Rh1 Rb6
61. Rd1 Bd7 62. Rh1 Na6 63. Rh2 Nc7 64. Rh1 Kg8 65. Nf3 Ne8 66. Nh2 Bc6 67. Rd1
Kf8 68. Rd2 Ke7 69. Ng4 Rb8 70. Rh2 Nc7 71. Rh7 Be8 72. Nf6 Na6 73. Bxg6 Rb3+
74. Ka2 Rxc3 75. Nxe8 Nb4+ 76. Kb2 Rb3+ 77. Kc1 Kxe8 78. Bxf7+ Kd8 79. g6 Ke7
80. Bg8+ Kf8 81. Bxe6 Rg3 82. f5 c3 83. g7+ Rxg7 84. Rh8+ 1-0

[Event "8th Sunway Sitges 2021"]
[Site "Sitges ESP"]
[Date "2021.12.17"]
[Round "5.75"]
[White "Caglar, Sila"]
[Black "Vaibhav, Jayant Raut"]
[Result "0-1"]
[WhiteTitle "WIM"]
[WhiteElo "2255"]
[BlackElo "2097"]
[WhiteFideId "6364063"]
[BlackFideId "5089034"]
[EventDate "2021.12.13"]

1. e4 c5 2. Nf3 Nc6 3. d4 cxd4 4. Nxd4 Nf6 5. Nc3 e5 6. Ndb5 d6 7. Bg5 a6 8. Na3
b5 9. Nd5 Be7 10. Bxf6 Bxf6 11. c4 b4 12. Nc2 a5 13. Qf3 Be6 14. Rd1 Bg5 15. h4
Be7 16. g3 O-O 17. Bh3 Kh8 18. h5 Bg5 19. Bf5 Ne7 20. Nce3 Bxe3 21. Nxe3 Nc6 22.
O-O Nd4 23. Qg4 a4 24. f4 Qb6 25. Rf2 a3 26. h6 Rg8 27. Bxe6 fxe6 28. fxe5 axb2
29. Qf4 b3 30. axb3 Qxb3 31. Rb1 dxe5 32. Qg5 Qd3 33. Rbxb2 Qxe4 34. Rb6 Nf3+
35. Rxf3 Qxf3 36. Qxe5 Raf8 37. Rxe6 Qf2+ 38. Kh1 Qe1+ 39. Kh2 Qf2+ 40. Kh3 Qf3
41. Kh2 Qf2+ 42. Kh3 Qg1 43. Kg4 Rf6 44. Nf5 gxh6+ 45. Kf3 Rxg3+ 46. Ke4 Qe1+
47. Kf4 Qf2+ 48. Ke4 Qf3+ 49. Kd4 Rg4+ 50. Kc5 Qxf5 0-1

[Event "8th Sunway Sitges 2021"]
[Site "Sitges ESP"]
[Date "2021.12.17"]
[Round "5.76"]
[White "Krivenko, Dion"]
[Black "Fernandez, Maria Florencia"]
[Result "0-1"]
[BlackTitle "WIM"]
[WhiteElo "2061"]
[BlackElo "2229"]
[WhiteFideId "4508378"]
[BlackFideId "116459"]
[EventDate "2021.12.13"]

1. e4 d6 2. d4 Nf6 3. Nc3 g6 4. Bg5 Bg7 5. Qd2 c6 6. O-O-O h6 7. Bh4 g5 8. Bg3
Nh5 9. Nge2 b5 10. h4 g4 11. Bh2 b4 12. Nb1 a5 13. f3 Be6 14. d5 Bd7 15. Ng3
Nxg3 16. Bxg3 cxd5 17. exd5 O-O 18. Bf4 h5 19. Bh6 Bf6 20. fxg4 Bxg4 21. Be2 Nd7
22. Bxg4 hxg4 23. Qe2 Ne5 24. Bxf8 Qxf8 25. Nd2 Bh8 26. h5 Qg7 27. Nb3 a4 28.
Nd4 b3 29. Kb1 bxa2+ 30. Ka1 Qf8 31. c3 Qc8 32. Rc1 Bf6 33. h6 Kh8 34. Rh5 Qb7
35. Qb5 Qa7 36. Nc6 Qe3 37. Rhh1 Nd3 38. Rcd1 Nc5 39. Rhe1 Nb3+ 40. Kxa2 a3 41.
bxa3 Qxc3 42. Na5 Qc2# 0-1

[Event "8th Sunway Sitges 2021"]
[Site "Sitges ESP"]
[Date "2021.12.17"]
[Round "5.77"]
[White "Maloberti, David"]
[Black "Torngren, Gustav"]
[Result "0-1"]
[BlackTitle "FM"]
[WhiteElo "2040"]
[BlackElo "2228"]
[WhiteFideId "620149"]
[BlackFideId "1728970"]
[EventDate "2021.12.13"]

1. d4 e6 2. c4 Bb4+ 3. Nc3 c5 4. e3 Ne7 5. Bd2 cxd4 6. exd4 d5 7. a3 Bxc3 8.
bxc3 b6 9. cxd5 exd5 10. Bd3 O-O 11. Qf3 Ba6 12. Bxa6 Nxa6 13. Nh3 Nc7 14. O-O
Ne6 15. Ng5 Nxg5 16. Bxg5 f6 17. Bd2 Qd7 18. Rae1 Nc6 19. Re2 Rae8 20. Rfe1 Rxe2
21. Rxe2 Na5 22. h4 Nc4 23. Bc1 Qf7 24. a4 Rd8 25. h5 h6 26. Bf4 Kf8 27. Kh2 Re8
28. Rxe8+ Kxe8 29. Qg4 Qd7 30. Qg6+ Kd8 31. f3 Nd6 32. Bxh6 gxh6 33. Qxf6+ Qe7
34. Qxh6 Nf5 35. Qf4 Qd6 36. Qxd6+ Nxd6 37. h6 Nf7 38. h7 a5 39. g4 b5 40. g5
Nh8 41. f4 bxa4 42. f5 Ke7 0-1

[Event "8th Sunway Sitges 2021"]
[Site "Sitges ESP"]
[Date "2021.12.17"]
[Round "5.78"]
[White "Kanov, Nikola"]
[Black "Aaditya, Dhingra"]
[Result "1/2-1/2"]
[WhiteTitle "CM"]
[BlackTitle "CM"]
[WhiteElo "2223"]
[BlackElo "2038"]
[WhiteFideId "2928531"]
[BlackFideId "25678191"]
[EventDate "2021.12.13"]

1. e4 e5 2. Nf3 Nc6 3. Bc4 Nf6 4. d3 Be7 5. O-O O-O 6. h3 d6 7. a4 Na5 8. Nc3
Nxc4 9. dxc4 Be6 10. Qe2 Nd7 11. b3 f5 12. exf5 Bxf5 13. Bb2 Qe8 14. Nd5 Bd8 15.
Ne3 Be4 16. Nd2 Bc6 17. b4 Qg6 18. b5 Be4 19. Nxe4 Qxe4 20. f3 Qg6 21. Ba3 b6
22. Nd5 Nf6 23. Bb2 a5 24. Qd2 Nh5 25. Rad1 Bg5 26. Qd3 Rf7 27. Qxg6 hxg6 28.
Bc1 Bxc1 29. Rxc1 Nf4 30. Nc3 Ne6 31. Ne4 Rd8 32. Rcd1 1/2-1/2

[Event "8th Sunway Sitges 2021"]
[Site "Sitges ESP"]
[Date "2021.12.17"]
[Round "5.79"]
[White "Nikolic, Vladan"]
[Black "Karadzhov, Ivan"]
[Result "1-0"]
[WhiteElo "2221"]
[BlackElo "2019"]
[WhiteFideId "1710702"]
[BlackFideId "2922568"]
[EventDate "2021.12.13"]

1. d4 d5 2. c4 c6 3. Nc3 Nf6 4. e3 e6 5. Nf3 Nbd7 6. Be2 Bd6 7. b3 O-O 8. Bb2
Ne4 9. Nxe4 dxe4 10. Nd2 f5 11. Qc2 Qe7 12. f4 c5 13. g3 b6 14. Nb1 Bb7 15. Nc3
cxd4 16. exd4 Rac8 17. a3 Rf6 18. b4 Rh6 19. O-O-O g5 20. c5 Bb8 21. fxg5 Qxg5+
22. Kb1 Nf6 23. Bc4 Nd5 24. Qb3 Qd8 25. b5 Nxc3+ 26. Bxc3 Bd5 27. Bd2 Rg6 28. c6
Bxc4 29. Qxc4 Qd5 30. Qxd5 exd5 31. Rhf1 Rf6 32. Bf4 Bxf4 33. Rxf4 Kf7 34. Rdf1
Ke6 35. g4 a6 36. a4 axb5 37. axb5 Ra8 38. Rxf5 Rxf5 39. gxf5+ Kf6 40. Kc2 Ra4
41. Kc3 Ra7 42. Kd2 Ra2+ 43. Ke3 Ra3+ 44. Kf4 h5 45. h4 Rc3 46. Rf2 Rd3 47. c7
Rc3 48. c8=Q Rxc8 49. Rg2 Rc3 50. Rg6+ Kf7 51. Rxb6 Rd3 52. Ke5 e3 53. Kxd5 Rb3
54. Kc4 Rb2 55. Re6 e2 56. Kc5 Rc2+ 57. Kd6 Rb2 58. Kc6 Rc2+ 59. Kb7 Rd2 60. b6
Rc2 61. Ka7 Ra2+ 62. Kb8 Rb2 63. b7 Rc2 64. d5 Rb2 65. d6 Rc2 66. d7 Rd2 67.
Rxe2 Rxd7 68. Kc8 1-0

[Event "8th Sunway Sitges 2021"]
[Site "Sitges ESP"]
[Date "2021.12.17"]
[Round "5.80"]
[White "Carbonell Sancho, Marc"]
[Black "Nur Abidah, Shanti"]
[Result "1/2-1/2"]
[WhiteTitle "FM"]
[BlackTitle "WIM"]
[WhiteElo "2207"]
[BlackElo "1986"]
[WhiteFideId "32029969"]
[BlackFideId "7104898"]
[EventDate "2021.12.13"]

1. e4 d5 2. exd5 Qxd5 3. Nc3 Qa5 4. d4 Nf6 5. Nf3 Bf5 6. Bc4 e6 7. Bd2 Bb4 8.
O-O O-O 9. a3 Bxc3 10. Bxc3 Qb6 11. b3 a5 12. Bb2 Nbd7 13. Qe2 c6 14. Ne5 Qc7
15. b4 axb4 16. axb4 Nd5 17. c3 Nxe5 18. dxe5 Rad8 19. f4 Qb6+ 20. Qf2 Qxf2+ 21.
Rxf2 Ra8 22. Bxd5 cxd5 23. Rff1 h5 24. g3 Rfc8 25. Rxa8 Rxa8 26. Ra1 Rxa1+ 27.
Bxa1 b5 28. Bb2 Bd3 29. Bc1 Kh7 30. Kf2 Kg6 31. Be3 1/2-1/2

[Event "8th Sunway Sitges 2021"]
[Site "Sitges ESP"]
[Date "2021.12.17"]
[Round "5.81"]
[White "Rajarishi, Karthi"]
[Black "Domene Mulyukov, Alexander"]
[Result "1-0"]
[WhiteTitle "CM"]
[WhiteElo "2207"]
[BlackElo "1946"]
[WhiteFideId "5092523"]
[BlackFideId "24589802"]
[EventDate "2021.12.13"]

1. d4 Nf6 2. c4 g6 3. Nc3 Bg7 4. e4 d6 5. f3 O-O 6. Be3 Nc6 7. Qd2 a6 8. g4 e5
9. Nge2 Na5 10. Ng3 exd4 11. Bxd4 Nc6 12. Be3 Ne5 13. Be2 Be6 14. Nd5 b5 15. g5
Nfd7 16. cxb5 axb5 17. O-O c6 18. Nb4 Nb6 19. b3 c5 20. Nd5 Nxd5 21. exd5 Bh3
22. Rfe1 Qe7 23. f4 Ng4 24. Bxg4 Bxg4 25. Bxc5 Qb7 26. Bb4 Bf3 27. Bc3 Qxd5 28.
Qxd5 Bxd5 29. Bxg7 Kxg7 30. Rad1 Bf3 31. Rd2 Bg4 32. Ne4 Rfe8 33. Kf2 d5 34. Nc3
b4 35. Na4 Red8 36. Rd4 Rac8 37. Kg3 Bd7 38. Nb6 Rc3+ 39. Kf2 Be6 40. Na4 Rc2+
41. Re2 Rdc8 42. Red2 h6 43. h4 hxg5 44. fxg5 Rc1 45. Rxb4 Rh1 46. Rf4 Rcc1 47.
Ke3 Rh3+ 48. Kd4 Rch1 49. Nc5 Bf5 50. Kxd5 Rxh4 51. Rxh4 Rxh4 52. a4 Rg4 53. a5
Rxg5 54. Kc6 Rg1 55. b4 Rc1 56. Kb6 Rb1 57. b5 Bg4 58. a6 g5 59. Ne4 f6 60. a7
Ra1 61. Rd8 Bf3 62. Nxf6 Ra3 63. Nd5 g4 64. a8=Q Rxa8 65. Rxa8 Bxd5 66. Ra3 Kf6
67. Kc5 Be4 68. Kd4 Kf5 69. b6 Kf4 70. Ra7 Bc6 71. b7 Bxb7 72. Rxb7 Kf3 73. Kd3
g3 74. Rf7+ Kg2 75. Ke2 1-0

[Event "8th Sunway Sitges 2021"]
[Site "Sitges ESP"]
[Date "2021.12.17"]
[Round "5.82"]
[White "Ojas, Kulkarni"]
[Black "Harsh, Suresh"]
[Result "1/2-1/2"]
[WhiteElo "2206"]
[BlackElo "1922"]
[WhiteFideId "25040073"]
[BlackFideId "45018464"]
[EventDate "2021.12.13"]

1. c4 e6 2. g3 Nf6 3. Bg2 d5 4. Nf3 Be7 5. O-O O-O 6. b3 a5 7. Bb2 a4 8. d4 c6
9. Nbd2 dxc4 10. Nxc4 a3 11. Bc3 Nbd7 12. Qc2 b5 13. Nce5 Bb7 14. b4 Nb6 15.
Rfc1 Nfd5 16. Rab1 Ra4 17. Nd3 Nc4 18. Rd1 Qa8 19. Nd2 Nde3 20. fxe3 Nxe3 21.
Qc1 c5 22. Bxb7 Qxb7 23. Nf3 Nxd1 24. Qxd1 cxb4 25. Bxb4 Bxb4 26. Nxb4 Rc8 27.
Kf2 h6 28. Nd3 Qd5 29. Nb4 Qd6 30. Qb3 Rc4 31. Nd3 Qd5 32. Nf4 Qf5 33. Nd3 Qd5 1/2-1/2

[Event "8th Sunway Sitges 2021"]
[Site "Sitges ESP"]
[Date "2021.12.17"]
[Round "5.83"]
[White "Dahale, Atul"]
[Black "Alcala Gonzalez, Cesar"]
[Result "1-0"]
[WhiteElo "2037"]
[BlackElo "2198"]
[WhiteFideId "5037794"]
[BlackFideId "24584878"]
[EventDate "2021.12.13"]

1. b3 d5 2. Bb2 Nf6 3. e3 Bf5 4. f4 e6 5. Nf3 Nbd7 6. d3 h6 7. Nbd2 c5 8. Qe2
Bh7 9. e4 dxe4 10. dxe4 Qa5 11. f5 O-O-O 12. g4 exf5 13. gxf5 Bd6 14. Qb5 Qc7
15. O-O-O Rhe8 16. Bd3 Bf4 17. Kb1 Ng4 18. Rdf1 Nge5 19. Rhg1 Nxd3 20. cxd3 g6
21. fxg6 Bxg6 22. Nc4 a6 23. Qa4 Nb6 24. Nxb6+ Qxb6 25. Rg4 Qd6 26. Qc4 Be3 27.
Nh4 Qxh2 28. Nxg6 fxg6 29. Rxg6 Qe2 30. Rf7 Qxd3+ 31. Qxd3 Rxd3 32. e5 Red8 33.
Rg2 Rd1+ 34. Kc2 R1d2+ 35. Rxd2 Rxd2+ 36. Kb1 Re2 37. Bc3 Bg5 38. a4 b5 39. Ra7
b4 40. Bb2 h5 41. Rxa6 h4 42. Ra8+ Kb7 43. Rh8 Re3 44. Rh5 h3 45. e6 Bf4 46. e7
h2 47. Rh7 Kc6 48. Bf6 Re1+ 49. Kc2 Kd5 50. a5 Kc6 51. a6 Bc7 52. Rh6 Re6 53.
Be5 Rxh6 54. e8=Q+ Kb6 55. Bxc7+ Kxc7 56. Qe7+ Kc6 57. Qb7+ 1-0

[Event "8th Sunway Sitges 2021"]
[Site "Sitges ESP"]
[Date "2021.12.19"]
[Round "6.2"]
[White "Safarli, Eltaj"]
[Black "Niemann, Hans Moke"]
[Result "1/2-1/2"]
[WhiteTitle "GM"]
[BlackTitle "GM"]
[WhiteElo "2579"]
[BlackElo "2645"]
[WhiteFideId "13402129"]
[BlackFideId "2093596"]
[EventDate "2021.12.13"]

1. e4 e5 2. Nf3 Nc6 3. Bb5 a6 4. Ba4 Nf6 5. O-O Be7 6. Re1 b5 7. Bb3 O-O 8. a4
b4 9. a5 d6 10. d3 h6 11. Nbd2 Re8 12. Nc4 Bf8 13. c3 Rb8 14. Ne3 bxc3 15. bxc3
Be6 16. Nd5 Bd7 17. Bc4 Ra8 18. Qb3 Be6 19. Nxf6+ Qxf6 20. Qb7 Bxc4 21. dxc4 Ne7
22. Qxc7 Rec8 23. Qb7 Qe6 24. c5 dxc5 25. Rd1 Nc6 26. Rd5 Rcb8 27. Qd7 Qxd7 28.
Rxd7 Rb5 29. Be3 f6 30. Nd2 Nxa5 31. c4 Rb7 32. Rd5 Nc6 33. Bxc5 Bxc5 34. Rxc5
Nd4 35. Rca5 Rb2 36. R1a2 Rxa2 37. Rxa2 a5 38. Kf1 Kf7 39. Ke1 Ke7 40. Nb1 Kd6
41. Kd2 Rb8 42. Nc3 Nb3+ 43. Kc2 Kc5 44. Nd5 Nd4+ 45. Kd2 Nc6 46. Kc3 Rb1 47.
Ne3 Rb4 48. f3 a4 49. Ra3 Rb1 50. Kd3 1/2-1/2

[Event "8th Sunway Sitges 2021"]
[Site "Sitges ESP"]
[Date "2021.12.19"]
[Round "6.3"]
[White "Dardha, Daniel"]
[Black "Kollars, Dmitrij"]
[Result "0-1"]
[WhiteTitle "GM"]
[BlackTitle "GM"]
[WhiteElo "2533"]
[BlackElo "2622"]
[WhiteFideId "240990"]
[BlackFideId "12909572"]
[EventDate "2021.12.13"]

1. d4 Nf6 2. c4 e6 3. Nf3 d5 4. g3 Be7 5. Bg2 O-O 6. O-O dxc4 7. Qc2 b5 8. a4 b4
9. Nfd2 Nd5 10. Nxc4 c5 11. dxc5 Bxc5 12. e4 Nb6 13. Ne3 Na6 14. a5 Nd7 15. Rd1
Qe7 16. Nc4 Bb7 17. e5 Bxg2 18. Kxg2 f6 19. Nbd2 Nxe5 20. Re1 Rac8 21. Qe4 Bxf2
22. Kxf2 Nc5 23. Qe2 Ncd3+ 24. Kf1 Nxe1 25. Kxe1 Qc5 26. Nxe5 fxe5 27. Nf1 Qg1
28. Be3 Rxf1+ 29. Kd2 Rd8+ 30. Kc2 Rf2 0-1

[Event "8th Sunway Sitges 2021"]
[Site "Sitges ESP"]
[Date "2021.12.19"]
[Round "6.4"]
[White "Puranik, Abhimanyu"]
[Black "Rios, Cristhian Camilo"]
[Result "1/2-1/2"]
[WhiteTitle "GM"]
[BlackTitle "GM"]
[WhiteElo "2604"]
[BlackElo "2460"]
[WhiteFideId "5061245"]
[BlackFideId "4403940"]
[EventDate "2021.12.13"]

1. c4 e5 2. Nc3 Nf6 3. Nf3 Nc6 4. g3 d5 5. cxd5 Nxd5 6. Bg2 Nb6 7. O-O Be7 8. b3
O-O 9. Bb2 Be6 10. Rc1 f5 11. d3 Qd7 12. a3 e4 13. dxe4 Qxd1 14. Nxd1 fxe4 15.
Nd4 Nxd4 16. Bxd4 c6 17. b4 Nc4 18. Bc5 Rfe8 19. Bxe7 Rxe7 20. Rc3 a5 21. Ne3
Nxe3 22. Rxe3 axb4 23. axb4 Bd5 24. f4 Ra4 25. Rb1 Kf7 26. Kf2 Ke8 27. g4 Kd7
28. Kg3 Kd6 29. Rc3 b6 30. Rc2 Rea7 1/2-1/2

[Event "8th Sunway Sitges 2021"]
[Site "Sitges ESP"]
[Date "2021.12.19"]
[Round "6.5"]
[White "Neelotpal, Das"]
[Black "Korobov, Anton"]
[Result "1/2-1/2"]
[WhiteTitle "GM"]
[BlackTitle "GM"]
[WhiteElo "2410"]
[BlackElo "2699"]
[WhiteFideId "5003512"]
[BlackFideId "14105730"]
[EventDate "2021.12.13"]

1. e4 c5 2. Nf3 d6 3. d4 cxd4 4. Nxd4 Nf6 5. f3 Nc6 6. c4 Qb6 7. Nc2 e6 8. Nc3
Be7 9. Qe2 O-O 10. Qf2 Qc7 11. Bf4 Ne5 12. Nb5 Qb8 13. Be2 a6 14. Nc3 Qc7 15.
Na3 d5 16. exd5 exd5 17. Qd4 Bd6 18. O-O-O Nxc4 19. Bxd6 Nxd6 20. g4 Be6 21. Nc2
b5 22. Kb1 Nc4 23. f4 b4 24. Na4 Rac8 25. b3 Bd7 26. g5 Rfe8 27. Bd3 Ne4 28.
Nxb4 Ne3 29. Nxd5 Nxd5 30. Bxe4 Bxa4 31. Bxd5 Red8 32. Qxa4 Qc2+ 33. Ka1 Qc3+ 1/2-1/2

[Event "8th Sunway Sitges 2021"]
[Site "Sitges ESP"]
[Date "2021.12.19"]
[Round "6.6"]
[White "Cheparinov, Ivan"]
[Black "Priasmoro, Novendra"]
[Result "1-0"]
[WhiteTitle "GM"]
[BlackTitle "GM"]
[WhiteElo "2664"]
[BlackElo "2502"]
[WhiteFideId "2905540"]
[BlackFideId "7105029"]
[EventDate "2021.12.13"]

1. d4 Nf6 2. c4 g6 3. Nc3 Bg7 4. e4 d6 5. Nf3 O-O 6. Be2 c5 7. O-O cxd4 8. Nxd4
Nc6 9. Be3 Bd7 10. h3 Nxd4 11. Bxd4 Bc6 12. Qc2 a5 13. Rad1 Nd7 14. Bxg7 Kxg7
15. Bg4 Ra6 16. Rfe1 Qb8 17. Bxd7 Bxd7 18. Nd5 e5 19. f4 Rc6 20. Qf2 f6 21. b3
Be6 22. Nc3 a4 23. f5 gxf5 24. exf5 Bg8 25. Rd3 axb3 26. axb3 Qc7 27. Ne4 Kh8
28. Red1 b5 29. Nxd6 bxc4 30. Nxc4 Bxc4 31. Rd7 Qb8 32. bxc4 Rxc4 33. Qa7 Qxa7+
34. Rxa7 Rh4 35. Rdd7 Rh5 36. Kh2 Rb8 37. g4 Rh6 38. Ra3 Re8 39. Rda7 e4 40. Ra8
Rxa8 41. Rxa8+ Kg7 42. Kg3 Kf7 43. h4 Ke7 44. h5 Kd6 45. Kf4 Kd5 46. Rd8+ Kc6
47. Kxe4 Kc7 48. Rd5 1-0

[Event "8th Sunway Sitges 2021"]
[Site "Sitges ESP"]
[Date "2021.12.19"]
[Round "6.7"]
[White "Erigaisi, Arjun"]
[Black "Van Foreest, Lucas"]
[Result "1/2-1/2"]
[WhiteTitle "GM"]
[BlackTitle "GM"]
[WhiteElo "2629"]
[BlackElo "2530"]
[WhiteFideId "35009192"]
[BlackFideId "1039792"]
[EventDate "2021.12.13"]

1. Nf3 Nf6 2. g3 d5 3. Bg2 g6 4. c4 c6 5. b3 Bg7 6. Bb2 O-O 7. O-O a5 8. Nc3 Ne4
9. Na4 Bxb2 10. Nxb2 Nd7 11. Rc1 b6 12. d3 Nef6 13. d4 Bb7 14. Nd3 Rc8 15. Nfe5
e6 16. c5 Ba6 17. cxb6 Qxb6 18. Nc5 Rfd8 19. Nexd7 Nxd7 20. Qd2 Nxc5 21. Rxc5
Qb4 22. Rd1 Qxd2 23. Rxd2 a4 24. Ra5 Bb5 25. b4 a3 26. Rxa3 Ra8 27. Rb3 Ra4 28.
e3 Bc4 29. Rbb2 Rb8 30. Bf1 Raxb4 31. Rxb4 Rxb4 32. Bxc4 Rxc4 33. Kf1 Kf8 34.
Ke2 Ke7 35. Kd3 Kd6 36. Rc2 Ra4 37. Kc3 Ra7 38. Kb3 Rb7+ 39. Kc3 Ra7 1/2-1/2